01018nam a2200361 a 4500003000900000005001700009008004100026020001800067040001300085245002900098250001200127260003000139300001100169490004100180504003900221600001700260600003100277650002700308650002800335650002500363650002800388650003100416650002400447653002000471653001700491653001900508700003300527700001700560700001800577700002100595700001800616700002200634AR-BaBNM20251128210310.0082120s2002 ||||||||||||||000 | spa|| a950-701-485-3 cAR-BaBNM00aDesarrollo y aprendizaje a1ª ed. aBuenos AiresbAiquec1998 a175 p. 0aPsicología cognitiva y educación aContiene bibliografía p. 155-17514aPiaget, Jean14aVigotsky, Liev Semionovich 4aDESARROLLO INTELECTUAL 4aDESARROLLO COGNOSCITIVO 4aPROCESO COGNOSCITIVO 4aTEORIAS DEL APRENDIZAJE 4aPSICOLOGIA DE LA EDUCACION 4aPSICOLOGIA GENETICA aCONSTRUCTIVISMO aCOGNITIVISMO aLECTOESCRITURA1 aCarretero, Marioecompilador1 aCase, Robbie1 aDoise, Willem1 aFerreiro, Emilia1 aGilly, Michel1 aWertsch, James V.